[Event "Festival comtois 3rd"]
[Site "Belfort"]
[Date "1998.12.18"]
[Round "5"]
[White "Rozentalis, Eduardas"]
[Black "Gurevich, Mikhail"]
[Result "1/2-1/2"]
[WhiteElo "2575"]
[BlackElo "2610"]

1.e4 e6 2.d4 d5 3.Nd2 c5 4.exd5 exd5 5.Ngf3 Nf6 6.Bb5+ Bd7 7.Bxd7+ Nbxd7
8.O-O Be7 9.dxc5 Nxc5 10.Re1 O-O 11.Nf1 Re8 12.Be3 a5 13.Re2 b5 14.Bd4 Ne6
15.Be5 Bc5 16.Ne3 Ng5  1/2-1/2

[Event "NLD-chT sf"]
[Site "Breda"]
[Date "1998.??.??"]
[Round "?"]
[White "Houtman, Joop"]
[Black "Gurevich, Mikhail"]
[Result "0-1"]
[WhiteElo "2290"]
[BlackElo "2635"]

1.d4 d6 2.e4 Nf6 3.Nc3 g6 4.Nf3 Bg7 5.Be2 O-O 6.O-O Bg4 7.Be3 Nc6 8.Qd2 Re8
9.Rad1 a6 10.h3 Bxf3 11.Bxf3 e5 12.d5 Nd4 13.Be2 c6 14.Bd3 cxd5 15.Nxd5 Nxd5
16.exd5 e4 17.Bxd4 Bxd4 18.Bb5 axb5 19.Qxd4 Ra4 20.Qc3 Rxa2 21.Rfe1 Qa5 22.Qxa5 Rxa5
23.f3 Ra2 24.fxe4 Rxb2 25.e5 dxe5 26.d6 f6 27.Rd5 Kf7 28.Rc5 Ke6 29.Rd1 Rd8
30.Rc7 Rd7 31.Rd2 b4 32.Rf2  0-1

[Event "BL2-W9798"]
[Site "Germany"]
[Date "1998.??.??"]
[Round "?.2"]
[White "Glek, Igor V"]
[Black "Gurevich, Mikhail"]
[Result "0-1"]
[WhiteElo "2505"]
[BlackElo "2620"]

1.e4 e6 2.d3 d5 3.Qe2 dxe4 4.dxe4 e5 5.Nf3 Nd7 6.Nbd2 Bc5 7.Nc4 Qe7 8.c3 a5
9.Ne3 Nb6 10.Qc2 Nf6 11.Bb5+ c6 12.Be2 Ng4 13.Nd1 O-O 14.h3 Nf6 15.Ne3 Nh5
16.g3 Nf6 17.g4 Re8 18.Rg1 Qc7 19.Nh4 Nfd7 20.Nhf5 Nf8 21.g5 Ng6 22.Ng4 Bxf5
23.exf5 Nf4 24.Bxf4 exf4 25.O-O-O f3 26.Bd3 Qf4+ 27.Kb1 a4 28.h4 a3 29.f6 g6
30.Nh6+ Kf8 31.Qb3 Re6 32.h5 Bxf2 33.hxg6 hxg6 34.Rh1 Qxg5 35.Ng4 Bh4 36.Qxb6 Qxg4
37.Rdg1 Qf4 38.Qxb7  0-1

[Event "Haarlem AKN op"]
[Site "Haarlem"]
[Date "1998.??.??"]
[Round "1"]
[White "De Leur, Ben"]
[Black "Gurevich, Mikhail"]
[Result "0-1"]
[WhiteElo "2205"]
[BlackElo "2635"]

1.c4 f5 2.Nc3 Nf6 3.d4 d6 4.Nf3 g6 5.g3 Bg7 6.Bg2 O-O 7.O-O Qe8 8.Re1 Qf7
9.d5 Ne4 10.Qc2 Nxc3 11.bxc3 Na6 12.Rb1 e5 13.Rf1 h6 14.Nd2 Nc5 15.Ba3 b6
16.Bxc5 dxc5 17.d6 e4 18.dxc7 Qxc7 19.Nxe4 fxe4 20.Bxe4 Bf5 21.Bd5+ Kh7 22.e4 Bh3
23.Rfe1 Rad8 24.Re3 Qc8 25.Rbe1 Be6 26.h4 h5 27.f4 b5 28.f5 Bxd5 29.fxg6+ Kg8
30.cxd5 Qg4 31.e5 Bh6 32.e6 Bxe3+ 33.Rxe3 Rxd5 34.e7 Qd1+ 35.Qxd1 Rxd1+ 36.Kg2 Re8
37.Re5 b4 38.cxb4 cxb4 39.g4 Rd2+ 40.Kf3 Rxa2 41.gxh5 Kg7 42.Kg4 b3 43.Kg5 Rg2+  0-1

[Event "Haarlem AKN op"]
[Site "Haarlem"]
[Date "1998.??.??"]
[Round "3"]
[White "Knoppert, Erik G J"]
[Black "Gurevich, Mikhail"]
[Result "0-1"]
[WhiteElo "2385"]
[BlackElo "2635"]

1.c4 e5 2.Nc3 Nf6 3.g3 d5 4.cxd5 Nxd5 5.Bg2 Nb6 6.d3 Be7 7.Nf3 Nc6 8.O-O O-O
9.Be3 Be6 10.Na4 Nd5 11.Bc5 Qd7 12.Bxe7 Qxe7 13.a3 Rad8 14.Rc1 e4 15.Ne1 exd3
16.Nxd3 Bg4 17.Bf3 Bxf3 18.exf3 Ne3 19.fxe3 Qxe3+ 20.Rf2 Rxd3 21.Qe1 Qd4
22.Nc5 Rxf3 23.Qd2 b6 24.Na6 Rxf2 25.Qxf2 Qd6 26.Qc2 Nd4 27.Qxc7 Qe6 28.Rf1 Qe4  0-1

[Event "Korinthos op"]
[Site "Korinthos"]
[Date "1998.??.??"]
[Round "2"]
[White "Paunovic, Tomislav"]
[Black "Gurevich, Mikhail"]
[Result "0-1"]
[WhiteElo "2355"]
[BlackElo "2635"]

1.d4 d5 2.c4 c6 3.Nf3 Nf6 4.e3 Bf5 5.Bd3 Bxd3 6.Qxd3 e6 7.Nc3 Bb4 8.O-O Nbd7
9.a3 Bxc3 10.Qxc3 a5 11.b3 a4 12.bxa4 Rxa4 13.Qb3 Qa8 14.cxd5 exd5 15.Bd2 O-O
16.Rfb1 b6 17.Bb4 Re8 18.Rc1 Rc8 19.Be7 Ne4 20.Ng5 Nxg5 21.Bxg5 Re8 22.Bf4 Re6
23.Bc7 b5 24.h3 Ra7 25.Bf4 Nb6 26.Rc3 Ra4 27.Bc7 Nc4 28.Bf4 b4 29.Rcc1 h6
30.Kh2 Re7 31.Rcb1 Rb7 32.Qd3 Rxa3 33.Rxa3 bxa3 34.Ra1 Rb2 35.Qf5 Qe8 36.Qg4 Qe6
37.Qg3 Kh7 38.h4 Qg6 39.Qf3 Qe4 40.Qg3 Qc2 41.Qh3 Qe4 42.Qg3 Qg6 43.Qf3 Nd2
44.Qd1 a2 45.h5 Qf5  0-1

[Event "Korinthos op"]
[Site "Korinthos"]
[Date "1998.??.??"]
[Round "5"]
[White "Gurevich, Mikhail"]
[Black "Gelashvili, Tamaz"]
[Result "0-1"]
[WhiteElo "2635"]
[BlackElo "2445"]

1.d4 Nf6 2.c4 e6 3.Nc3 Bb4 4.e3 b6 5.Ne2 Bb7 6.a3 Bxc3+ 7.Nxc3 d5 8.b3 O-O
9.Bb2 Nbd7 10.Bd3 c5 11.O-O Qe7 12.Qe2 dxc4 13.bxc4 e5 14.d5 e4 15.Bc2 Ba6
16.a4 Rfe8 17.Nb5 Bxb5 18.axb5 Qd6 19.f4 exf3 20.Qxf3 Re7 21.Qh3 h6 22.Rf3 Ne5
23.Rf4 Rae8 24.Raf1 Nfd7 25.Qg3 f6 26.Bf5 Kf8 27.Be6 Rxe6 28.dxe6 Rxe6 29.Bxe5 Nxe5
30.Qh3 Nd3 31.Rf5 Ne5 32.R5f4 Nd3 33.Rh4 Qe7 34.Qf5 Rxe3 35.Rh3 Rxh3 36.Qxh3 Qe4
37.Qc8+ Kf7 38.Qd7+ Kg6 39.h3 Ne5 40.Qxa7 Qd4+ 41.Kh1 Qxc4 42.Rb1 Qe4 43.Rg1 Nd3
44.Rf1 Ne1 45.Rg1 Nd3 46.Rf1 Nf4 47.Rf3 Qe1+ 48.Kh2 Ne2  0-1

[Event "BL2-W9899"]
[Site "Germany"]
[Date "1999.02.21"]
[Round "6.4"]
[White "Gurevich, Mikhail"]
[Black "Van den Doel, Erik"]
[Result "1/2-1/2"]
[WhiteElo "2629"]
[BlackElo "2547"]

1.d4 Nf6 2.c4 e6 3.Nc3 Bb4 4.e3 c5 5.Ne2 cxd4 6.exd4 O-O 7.a3 Be7 8.Nf4 d5
9.cxd5 Nxd5 10.Nfxd5 exd5 11.Qb3 Nc6 12.Be3 Bf6 13.Qxd5 Be6 14.Qe4 Re8 15.Bd3 g6
16.Qf4 Bxd4 17.Be2 Be5 18.Qa4 Nd4 19.Bxd4 Qxd4 20.Qxd4 Bxd4 21.O-O Bxc3 22.bxc3 Rac8
23.Rfc1 Rc5 24.a4 b6 25.Ra3 Rd8 26.Rc2 Rcd5 27.h3 Rd2 28.Rxd2 Rxd2 29.Bb5 Ra2
30.Rxa2 Bxa2 31.f4 Kf8 32.Kf2 Ke7 33.Ke3 Kd6 34.Kd4 Bd5 35.g3 f6 36.Bd3 Bb3
37.Bb5 h6 38.h4 g5 39.hxg5 hxg5 40.fxg5 fxg5 41.Ke4 Bc2+ 42.Kd4 Bf5 43.Be2 Bc2
44.Bb5 a5 45.Be8 Bd1 46.Bb5 Bf3 47.Be8 Bc6 48.Bxc6 Kxc6 49.c4 Kd6 50.g4 Kc6
51.Kd3 Kd7 52.Ke3 Ke7 53.Kd3 Kd7  1/2-1/2

[Event "BL2-W9899"]
[Site "Germany"]
[Date "1999.04.18"]
[Round "9.2"]
[White "Kalka, Arkadius Georg"]
[Black "Gurevich, Mikhail"]
[Result "0-1"]
[WhiteElo "2382"]
[BlackElo "2629"]

1.e4 e6 2.d4 d5 3.Nc3 Nf6 4.e5 Nfd7 5.f4 c5 6.Nf3 a6 7.Be3 Qb6 8.Na4 Qa5+
9.c3 cxd4 10.b4 Qc7 11.Bxd4 Nc6 12.Be3 b5 13.Nb2 f6 14.exf6 Nxf6 15.Bd3 Bd6
16.Qd2 e5 17.fxe5 Nxe5 18.a4 O-O 19.axb5 Neg4 20.Bg5 Bb7 21.bxa6 Ne4 22.Bxe4 dxe4
23.Nd4 e3 24.Bxe3 Nxe3 25.Qxe3 Rae8 26.Ne6 Qf7 27.O-O-O Rxe6 28.Qd4 Bxa6  0-1

[Event "Haarlem AKN op 8th"]
[Site "Haarlem"]
[Date "1999.07.03"]
[Round "4"]
[White "Gurevich, Mikhail"]
[Black "Van den Doel, Erik"]
[Result "1-0"]
[WhiteElo "2643"]
[BlackElo "2528"]

1.c4 e5 2.Nc3 Nf6 3.Nf3 Nc6 4.g3 Nd4 5.Bg2 Nxf3+ 6.Bxf3 Bb4 7.O-O O-O 8.d3 h6
9.Qa4 a5 10.Bd2 d6 11.a3 Bxc3 12.Bxc3 Bg4 13.Bxg4 Nxg4 14.c5 Qg5 15.cxd6 cxd6
16.Qe4 Qh5 17.Qg2 f5 18.Bd2 Rf7 19.Rac1 Nf6 20.Rfe1 g5 21.Rc4 Kh8 22.h3 g4
23.hxg4 fxg4 24.Rec1 Raf8 25.Rc7 Rxc7 26.Rxc7 Qf5 27.Bxh6  1-0

[Event "Vlissingen HZ op"]
[Site "Vlissingen"]
[Date "1999.08.15"]
[Round "7"]
[White "David, Alberto"]
[Black "Gurevich, Mikhail"]
[Result "1/2-1/2"]
[WhiteElo "2544"]
[BlackElo "2643"]

1.e4 e6 2.d4 d5 3.Nc3 Nf6 4.e5 Nfd7 5.f4 c5 6.Nf3 Nc6 7.Be3 cxd4 8.Nxd4 Bc5
9.Qd2 O-O 10.O-O-O a6 11.h4 Nxd4 12.Bxd4 b5 13.Rh3 Bb7 14.Kb1 Bxd4 15.Qxd4 f6
16.exf6 Qxf6 17.Qxf6 Rxf6 18.Ne2 Re8 19.Rc3 Rf7 20.Rc7 Nf6 21.Rxf7 Kxf7 22.Ng1 Kg6
23.Bd3+ Kh6 24.Kc1 d4 25.Be2 Bxg2 26.Rxd4 Nd5 27.a4 Rf8 28.axb5 axb5 29.Bxb5 Nxf4
30.Kd2 e5 31.Rd7 Ng6 32.Bd3 Nxh4 33.Ne2 Nf3+ 34.Kd1 Nh2 35.b4 Ng4 36.Kc1 Nf6
37.Ra7 Nd5 38.Ng3 e4 39.Bxe4 Bxe4 40.Nxe4 Nxb4 41.Rb7 Nd5 42.c4 Rc8 43.Nd6 Rc7
44.Rb5 Nf6 45.Re5 Kg6 46.Kb2 h5 47.Kb3 Rc6 48.Nf5 Rb6+ 49.Ka4 Rb1 50.c5 Nd7
51.Rd5 Nxc5+ 52.Rxc5 Rh1 53.Ng3 Rh3 54.Nf5 Kf6 55.Kb4 g6 56.Nd4 Re3 57.Rc3 Re4
58.Kc5 h4 59.Kd5 Re5+ 60.Kd6 Re1 61.Rf3+ Kg5 62.Ne6+ Kg4 63.Rf6 g5 64.Rg6 Kf5
65.Rxg5+ Kf6 66.Rh5 Rxe6+ 67.Kd5 Re1 68.Rxh4  1/2-1/2

[Event "4th Comtois It"]
[Site "Belfort FRA"]
[Date "1999.12.17"]
[Round "5"]
[White "Fedorov,A"]
[Black "Gurevich,M"]
[Result "1/2-1/2"]
[WhiteElo "2659"]
[BlackElo "2643"]

1.e4 e6 2.d4 d5 3.Nc3 Nf6 4.e5 Nfd7 5.f4 c5 6.Nf3 Nc6 7.Be3 cxd4 8.Nxd4 Bc5
9.Qd2 Bxd4 10.Bxd4 Nxd4 11.Qxd4 Qb6 12.Qxb6 Nxb6 13.Nb5 Ke7 14.Bd3 Bd7 15.Nd4 Na4
16.O-O-O g6 17.Rdf1 h5 18.g3 a6 19.Rf3 Rac8 20.h3 Rc7 21.Rhf1 Nb6 22.Kd2 Nc4+
23.Bxc4 dxc4 24.Ke3 Rc5 25.c3 Ra5 26.a3 Rd5 27.h4 Ba4 28.R3f2 Rhd8 29.Rg2 Kd7
30.Rd2 Ke7 31.Rg1 Bc6 32.Rgd1 Ba4  1/2-1/2

[Event "16th open"]
[Site "Cappelle La Grande FRA"]
[Date "2000.02.22"]
[Round "5"]
[White "Vasilevich,T"]
[Black "Gurevich,M"]
[Result "0-1"]
[WhiteElo "2409"]
[BlackElo "2694"]

1.d4 d5 2.c4 c6 3.Nf3 Nf6 4.Nc3 e6 5.Bg5 h6 6.Bxf6 Qxf6 7.e3 Nd7 8.Bd3 dxc4
9.Bxc4 g6 10.O-O Bg7 11.b4 O-O 12.Rc1 Qe7 13.Qb3 b6 14.Rfd1 Bb7 15.e4 Rfd8
16.a4 Rac8 17.Rd2 Ba8 18.Rcd1 c5 19.dxc5 bxc5 20.Nb5 Ne5 21.Nd6 Rb8 22.b5 Nxf3+
23.Qxf3 Bd4 24.Nxf7 Qxf7 25.Qg4 Re8 26.Rd3 h5 27.Qe2 Kg7 28.Rf3 Qd7  0-1

[Event "NED-chT"]
[Site "Hengelo NED"]
[Date "2000.02.27"]
[Round "4"]
[White "De Jager,J"]
[Black "Gurevich,M"]
[Result "0-1"]
[WhiteElo "2307"]
[BlackElo "2694"]

1.c4 Nf6 2.Nc3 e5 3.g3 d5 4.cxd5 Nxd5 5.Bg2 Nb6 6.Nf3 Nc6 7.O-O Be7 8.d3 Be6
9.a3 O-O 10.b4 f6 11.Bb2 a5 12.b5 Nd4 13.Nd2 a4 14.Bxb7 Ra5 15.Bg2 Qd7 16.Qc1 Rxb5
17.e3 Nb3 18.Nxb3 Rxb3 19.Rd1 Rb8 20.Bf1 Nd5 21.Nxd5 Bxd5 22.Rd2 c5 23.Bc3 Ba8
24.Bg2 Bxg2 25.Kxg2 Qb7+ 26.f3 Qb5 27.g4 Kf7 28.e4 Ke6 29.Qc2 Rb7 30.h3 Bd6
31.h4 g6 32.Ra2 h5 33.Ra1 Bf8 34.Rdd1 Bh6 35.Kf2 Bf4 36.Ke2 c4 37.Kf2 cxd3
38.Rxd3 Qc5+ 39.Kf1  0-1

[Event "Bundesliga 1999-2000"]
[Site "Neukoelln GER"]
[Date "2000.04.08"]
[Round "14"]
[White "Bunzmann,D"]
[Black "Gurevich,M"]
[Result "1/2-1/2"]
[WhiteElo "2502"]
[BlackElo "2694"]

1.d4 f5 2.c4 Nf6 3.Nc3 d6 4.Bg5 Nbd7 5.h4 e5 6.e4 fxe4 7.Bxf6 Nxf6 8.dxe5 dxe5
9.Qxd8+ Kxd8 10.O-O-O+ Bd7 11.g4 h6 12.Bh3 g5 13.Bg2 Bg7 14.hxg5 hxg5 15.Rxh8+ Bxh8
16.Bxe4 Nxe4 17.Nxe4 Ke7 18.f3 Rf8 19.Rd3 Bc6 20.Ne2 Bxe4 21.fxe4 Rf1+ 22.Rd1 Rf3
23.Kd2 Bf6 24.Rg1 Ke6 25.Rg3 Rf1 26.Rg1 Rf3 27.Rg3 Rf2 28.Ke3 Rh2 29.Kf3 Be7
30.Rg2 Rxg2 31.Kxg2 Kd6 32.Kf3 Kc5 33.b3 Kb4 34.Ke3 Ka3 35.Kd3 Kxa2 36.Kc2 c6
37.Nc1+ Ka3 38.Nd3 Bd6 39.Ne1 Be7 40.Nd3 Bd8 41.Ne1 Be7 42.Nd3 Bf6 43.Kc3 b5
44.Nb4 a5 45.Nxc6 b4+ 46.Kc2 a4 47.bxa4 b3+ 48.Kb1 Kxa4 49.Kb2 Bh8 50.Kc1 Bg7
51.Kb1 Bf6  1/2-1/2

[Event "Dutch Team Championships"]
[Site "Breda NED"]
[Date "2000.06.01"]
[Round "1"]
[White "Kroeze,F"]
[Black "Gurevich,M"]
[Result "0-1"]
[WhiteElo "2359"]
[BlackElo "2694"]

1.e4 e6 2.d4 d5 3.Nd2 c5 4.Ngf3 Nf6 5.exd5 exd5 6.Bb5+ Bd7 7.Qe2+ Be7 8.dxc5 O-O
9.Nb3 Re8 10.Be3 a6 11.Bxd7 Nbxd7 12.c6 bxc6 13.O-O Bd6 14.Qd3 Ng4 15.Bd2 Qf6
16.Bc3 Qh6 17.h3 Nge5 18.Nxe5 Nxe5 19.Bxe5 Bxe5 20.c3 a5 21.Rfe1 a4 22.Nd4 Qf6
23.Re3 Bxd4 24.Qxd4 Qxd4 25.cxd4 Reb8 26.Re2 Kf8 27.Rc1 Ra6 28.Kf1 Rb4 29.Rd2 Rab6
30.Rcc2 Ke7 31.Ke2 Kd6 32.Kd3 Rb8 33.Re2 h5 34.h4 g6 35.Kc3 R4b5 36.Kd3 R5b7
37.Kc3 Rb4 38.Kd3 R4b6 39.Kc3 Rc8 40.Kd3 Rb4 41.g3 Rcb8 42.Kc3 R4b5 43.Kd3 R5b7
44.Kc3 c5 45.dxc5+ Kxc5 46.Kd3+ Kd6 47.Red2 Rb4 48.Re2 f5 49.f4 Re4 50.Rcd2 Rbb4
51.Kc2 d4 52.b3 axb3+ 53.axb3 Kd5 54.Kb2 Rb8  0-1

[Event "North Sea Cup"]
[Site "Esbjerg DEN"]
[Date "2000.07.13"]
[Round "7"]
[White "De Vreugt,D"]
[Black "Gurevich,M"]
[Result "0-1"]
[WhiteElo "2511"]
[BlackElo "2667"]

1.e4 e6 2.d4 d5 3.Nc3 Nf6 4.Bg5 dxe4 5.Nxe4 Be7 6.Bxf6 Bxf6 7.Nf3 O-O 8.Qd2 Nd7
9.O-O-O b6 10.Bc4 Bb7 11.Qf4 Bd5 12.Bxd5 exd5 13.Nxf6+ Nxf6 14.Ne5 c5 15.Rhe1 Rc8
16.Re2 Qe8 17.dxc5 Qb5 18.Rd3 bxc5 19.c4 Qa6 20.Kb1 Rcd8 21.a3 Rde8 22.Rh3 dxc4
23.Qh4 h6 24.Rg3 Kh7 25.Rge3 c3 26.Qc4 Qc8 27.Qxc3 Qf5+ 28.Qc2 Qxc2+ 29.Kxc2 Nd5
30.Re4 Nf6 31.Rc4 Nd7 32.Nxd7 Rxe2+  0-1

[Event "North Sea Cup"]
[Site "Esbjerg DEN"]
[Date "2000.07.14"]
[Round "8"]
[White "Gurevich,M"]
[Black "Emms,J"]
[Result "1-0"]
[WhiteElo "2667"]
[BlackElo "2527"]

1.d4 Nf6 2.c4 e6 3.Nc3 Bb4 4.Qc2 O-O 5.a3 Bxc3+ 6.Qxc3 b6 7.Bg5 d6 8.f3 Nbd7
9.Nh3 c5 10.e4 h6 11.Be3 Ba6 12.dxc5 Nxc5 13.Rd1 Qe7 14.b4 Ncd7 15.c5 Bxf1
16.cxd6 Qd8 17.Rxf1 Rc8 18.Qb2 Rc4 19.Rf2 Qb8 20.Rc2 Rxc2 21.Qxc2 Rc8 22.Qb2 e5
23.Nf2 Rc6 24.b5 Rxd6 25.Nd3 Qe8 26.Qc2 Qe6 27.a4 Kh7 28.Rc1 Ng8 29.Nb4 Ne7
30.Qc4 Qg6 31.Kf1 f5 32.Qc2 Nc5 33.Bxc5 bxc5 34.Nd3 fxe4 35.Nxe5 Qf5 36.Qxe4 Qxe4
37.fxe4 Rd4 38.Rc4 Rd1+ 39.Ke2 Ra1 40.Nd7 Nc8 41.Nxc5 Nb6 42.Rd4 Kg6 43.e5  1-0

[Event "KB Czech Open"]
[Site "Pardubice CZE"]
[Date "2000.07.22"]
[Round "2"]
[White "Senff,M"]
[Black "Gurevich,M"]
[Result "0-1"]
[WhiteElo "2354"]
[BlackElo "2667"]

1.e4 d6 2.d4 Nf6 3.Nc3 g6 4.f4 Bg7 5.Nf3 c5 6.Bb5+ Bd7 7.e5 Ng4 8.Bxd7+ Qxd7
9.d5 dxe5 10.h3 e4 11.Nxe4 Nf6 12.Nxf6+ Bxf6 13.O-O Qd6 14.Be3 Nd7 15.c4 O-O
16.Qc2 e6 17.Rad1 Rfe8 18.Bf2 Bg7 19.Ng5 exd5 20.Rxd5 Qc7 21.f5 b6 22.fxg6 fxg6
23.Rfd1 Nf6 24.Rd6 Rad8 25.Rxd8 Rxd8 26.Ne6 Rxd1+ 27.Qxd1 Qe7 28.Nxg7 Kxg7
29.Qf3 Qe4 30.Qa3 a5 31.Qb3 Qe6 32.Bh4 Ne4 33.Bd8 Qf7 34.Qe3 Qxc4 35.Bxb6 a4
36.Qf4 Qd5 37.Bc7 g5 38.Qe3 Kf6 39.Ba5 h5 40.b3 axb3 41.axb3 g4 42.hxg4 hxg4
43.Be1 Kf5 44.Kf1 Qd1 45.Kg1 Ke5 46.Kf1 Kd5 47.Qf4 Kd4 48.Qf8 Nd2+ 49.Kf2 g3+  0-1

[Event "KB Czech Open"]
[Site "Pardubice CZE"]
[Date "2000.07.23"]
[Round "3"]
[White "Gurevich,M"]
[Black "Panchenko,AN"]
[Result "1-0"]
[WhiteElo "2667"]
[BlackElo "2384"]

1.c4 Nf6 2.Nf3 e6 3.d4 d5 4.Bg5 Nbd7 5.Nc3 c6 6.e3 Qa5 7.cxd5 Nxd5 8.Qd2 N7b6
9.a3 Nxc3 10.Qxc3 Qxc3+ 11.bxc3 f6 12.Bh4 Bd7 13.a4 c5 14.Bb5 cxd4 15.exd4 Rc8
16.Kd2 Nc4+ 17.Kd3 Nb2+ 18.Kc2 Nc4 19.Rhe1 Na3+ 20.Kb3 Bxb5 21.axb5 Kd7 22.c4 Nxc4
23.Rxa7 Nd6 24.Bg3 Nxb5 25.Rxb7+ Kc6 26.Rf7 Kd5 27.Rd7+ Bd6 28.Bxd6 Nxd6
29.Ra1 Rc6 30.Ra5+ Ke4 31.Rc5 Rb8+ 32.Kc3 Nb5+ 33.Kd2 Ra6 34.Rxg7 Ra2+ 35.Rc2 Rxc2+
36.Kxc2 Na3+ 37.Kc3 Nb1+ 38.Kc2 Na3+ 39.Kc3 Nb1+ 40.Kc4 Rb2 41.Rg4+ Kf5 42.h3 e5
43.d5 e4 44.Nd4+ Ke5 45.Kc5 Nc3 46.Nc6+ Kf5 47.Ne7+ Ke5 48.Nc6+ Kf5 49.Nd4+ Ke5
50.f4+ exf3 51.Nc6+ Kf5 52.Nd4+ Ke5 53.Nxf3+ Kf5 54.Nd4+ Ke5 55.Nc6+ Kf5
56.Ne7+ Ke5 57.Nc6+ Kf5 58.Nd4+ Ke5 59.Nf3+ Kf5 60.d6 Ne4+ 61.Kc6 Rc2+ 62.Kb6 Rb2+
63.Kc7 Rc2+ 64.Kd8 Ra2 65.d7 h5 66.Rxe4 Kxe4 67.Ke7 Rxg2 68.d8=Q Kxf3 69.Qd5+  1-0

[Event "KB Czech Open"]
[Site "Pardubice CZE"]
[Date "2000.07.24"]
[Round "4"]
[White "Shushpanov,V"]
[Black "Gurevich,M"]
[Result "0-1"]
[WhiteElo "2403"]
[BlackElo "2667"]

1.d4 d5 2.c4 c6 3.Nf3 Nf6 4.e3 Bf5 5.Bd3 Bg6 6.O-O e6 7.b3 Nbd7 8.Ba3 Bxa3
9.Nxa3 Qe7 10.Nc2 dxc4 11.Bxc4 Rd8 12.Qc1 Be4 13.Nd2 Bg6 14.Nf3 Ne4 15.Rd1 O-O
16.Qb2 Bh5 17.Nce1 Ng5 18.Be2 Nxf3+ 19.Bxf3 Bg6 20.Be2 e5 21.Nf3 e4 22.Nd2 Nf6
23.b4 Rd5 24.Rac1 Bh5 25.Bxh5 Nxh5 26.Rc5 Rfd8 27.Rdc1 Nf6 28.b5 Nd7 29.Rxd5 cxd5
30.Rc7 Rb8 31.Qc3 Qd8 32.Qc2 h5 33.h3 Nf8 34.a4 Ne6 35.Rc3 a6 36.Qb3 Qd6
37.Rc1 g6 38.Rc2 Kg7 39.Rc1 Kg8 40.Rc2 Kg7 41.Rc1 Rd8 42.Rc3 Qd7 43.Rc1 Ra8
44.Nb1 axb5 45.axb5 f5 46.Nc3 Rc8 47.Ra1 Rd8 48.Na4 Qd6 49.Rc1 Kf7 50.Rc2 Ra8
51.Rc1 f4 52.Nc5 Rc8 53.Nd3 Rxc1+ 54.Nxc1 g5 55.Ne2 h4 56.Nc3 fxe3 57.fxe3 Qg3
58.Nxd5 Nxd4 59.Qd1 Nf3+ 60.Kf1 Qh2 61.Nf4 Qg1+ 62.Ke2 Qxd1+ 63.Kxd1 Nd4
64.Nd3 Nxb5 65.Nc5 Nd6 66.Kc2 Kf6 67.Kc3 Ke5 68.Nd7+ Ke6 69.Nb6 Nf5 70.Kd2 Ne7
71.Na4 Kd6 72.Nb6 Nf5 73.Nc4+ Kd5 74.Nb6+ Kd6 75.Nc4+ Ke6 76.Nb6 Ne7 77.Na4 Kd6
78.Nc3 Ke5 79.Nb5 b6 80.Na3 Nc8 81.Kc3 Kd5 82.Kb4 Nd6 83.Nc2 Nf5 84.Kc3 Kc5
85.Kb3 b5 86.Kc3 b4+ 87.Nxb4 Nxe3 88.Na6+ Kd5 89.Nb4+ Ke5 90.Nc6+ Kf4  0-1

[Event "KB Czech Open"]
[Site "Pardubice CZE"]
[Date "2000.07.25"]
[Round "5"]
[White "Gurevich,M"]
[Black "Groszpeter,A"]
[Result "1-0"]
[WhiteElo "2667"]
[BlackElo "2478"]

1.c4 e5 2.Nc3 Nf6 3.Nf3 Nc6 4.a3 g6 5.g3 Bg7 6.Bg2 O-O 7.d3 d6 8.O-O h6 9.b4 a6
10.Rb1 Be6 11.Nd2 Qd7 12.Nd5 Ne8 13.Ne4 f5 14.Nec3 Rb8 15.a4 Ne7 16.Bd2 Nf6
17.Nxf6+ Rxf6 18.b5 Rff8 19.bxa6 bxa6 20.Qc2 Nc6 21.Rxb8 Rxb8 22.Rb1 Nb4
23.Qd1 a5 24.Nd5 Bxd5 25.cxd5 Kh7 26.e4 Rf8 27.Bxb4 axb4 28.Rxb4 f4 29.a5 Ra8
30.Qa4 Qc8 31.Qc6 h5 32.Rb1 fxg3 33.hxg3 Qa6 34.Qxa6 Rxa6 35.Ra1 Bh6 36.Ra2 g5
37.Bf1 Ra7 38.Be2 g4 39.a6 Kg6 40.Bd1 Bg5 41.Ba4  1-0

[Event "KB Czech Open"]
[Site "Pardubice CZE"]
[Date "2000.07.28"]
[Round "8"]
[White "Popov,Val"]
[Black "Gurevich,M"]
[Result "1/2-1/2"]
[WhiteElo "2557"]
[BlackElo "2667"]

1.Nf3 Nf6 2.c4 e6 3.Nc3 Bb4 4.Qb3 a5 5.a3 Bxc3 6.Qxc3 a4 7.d4 h6 8.Bf4 d6
9.e3 b6 10.Be2 Bb7 11.h3  1/2-1/2

[Event "KB Czech Open"]
[Site "Pardubice CZE"]
[Date "2000.07.29"]
[Round "9"]
[White "Gurevich,M"]
[Black "Neverov,V"]
[Result "1/2-1/2"]
[WhiteElo "2667"]
[BlackElo "2547"]

1.d4 Nf6 2.c4 e6 3.Nf3 b6 4.g3 Bb7 5.Bg2 Be7 6.O-O O-O 7.Nc3 Ne4 8.Qc2 Nxc3
9.Qxc3 c5 10.dxc5 d6 11.cxd6  1/2-1/2

[Event "Lost Boys Open"]
[Site "Amsterdam NED"]
[Date "2000.08.11"]
[Round "1"]
[White "Giddins,S"]
[Black "Gurevich,M"]
[Result "0-1"]
[WhiteElo "2315"]
[BlackElo "2667"]

1.c4 e5 2.g3 Nf6 3.Bg2 d5 4.cxd5 Nxd5 5.Nf3 Nc6 6.O-O Nb6 7.d3 Be7 8.a3 Be6
9.Nbd2 a5 10.b3 O-O 11.Bb2 f6 12.Qc2 Qd7 13.Rfd1 Rfd8 14.Rac1 Bf8 15.d4 exd4
16.Ne4 Qf7 17.Nxd4 Nxd4 18.Rxd4 Rxd4 19.Bxd4 Bxa3 20.Rb1 Nd5 21.Bc5 Bb4 22.Bxb4 Nxb4
23.Qc3 Bd5 24.Ra1 b6 25.Nd2 Bxg2 26.Kxg2 Re8 27.e3 Rd8 28.Nc4 Rd3 29.Qb2 Qd5+
30.Kg1 a4  0-1

[Event "Lost Boys Open"]
[Site "Amsterdam NED"]
[Date "2000.08.12"]
[Round "2"]
[White "Gurevich,M"]
[Black "Ree,H"]
[Result "1/2-1/2"]
[WhiteElo "2667"]
[BlackElo "2417"]

1.d4 e6 2.c4 Bb4+ 3.Nc3 b6 4.e3 Bb7 5.Ne2 f5 6.a3 Bd6 7.d5 Nf6 8.g3 a5 9.Bg2 Na6
10.Rb1 Qe7 11.O-O O-O 12.Qc2 Nc5 13.b4 axb4 14.axb4 Na6 15.Ba3 Rfb8 16.Qb3 c5
17.dxc6 Bxc6 18.Bxc6 dxc6 19.Nd4 Qe8 20.Nxf5 Bf8 21.Nh4 Qh5 22.Qd1 Qxd1 23.Rfxd1 Nc7
24.Bc1 b5 25.c5 Rd8 26.Nf3 Ncd5 27.Nxd5 Rxd5 28.Rxd5 exd5 29.Bb2 Nd7 30.Nd4 Nb8
31.Ra1 Ra4 32.Nc2 g6 33.Kf1 Na6 34.Ke2 Kf7 35.Kd2 Ke6 36.Bd4 Kd7 37.Kc3 Rxa1
38.Nxa1 Nc7 39.Nb3 Be7 40.Be5 Ne6 41.Kd3 Ng5 42.Nd2 Ke6 43.f4 Nh3 44.Ke2 Ng5
45.fxg5 Kxe5 46.Kd3 Ke6 47.Nf3 Bf8 48.Nd4+ Kd7 49.e4 dxe4+ 50.Kxe4 Bg7 51.h3 Bh8
52.h4 Bg7 53.g4 Bh8 54.Kd3 Bg7 55.Ke3 Bh8 56.Ke4 Bg7 57.h5 Bh8 58.Kd3 Bg7
59.Ke4 Bh8 60.h6 Bxd4 61.Kxd4 Ke6 62.Ke4 Kd7 63.Ke5 Ke7  1/2-1/2

[Event "Lost Boys Open"]
[Site "Amsterdam NED"]
[Date "2000.08.17"]
[Round "7"]
[White "Nijboer,F"]
[Black "Gurevich,M"]
[Result "0-1"]
[WhiteElo "2537"]
[BlackElo "2667"]

1.e4 e6 2.d4 d5 3.Nc3 Nf6 4.e5 Nfd7 5.f4 c5 6.Nf3 Nc6 7.Be3 a6 8.Qd2 b5 9.Be2 Be7
10.O-O O-O 11.Kh1 b4 12.Na4 cxd4 13.Nxd4 Nxd4 14.Bxd4 Bb7 15.f5 exf5 16.Rxf5 Bc6
17.b3 Bxa4 18.bxa4 Nc5 19.Raf1 Ne6 20.Ba1 a5 21.Bg4 Ra6 22.Qf2 Bc5 23.Qf3 Ng5
24.Qd3 Rh6 25.Bb2 Ne4 26.Bc1 Rc6 27.Qf3 Qe7 28.Qe2 Re6 29.Bb2 Rh6 30.Bh3 Qe8
31.R5f4 Qxa4 32.Bc1 Qc6 33.e6 Rxe6 34.Bxe6 Qxe6 35.Qf3 Bd6 36.Rh4 Rc8 37.Qd3 Be5
38.Rh5 g6 39.Rh4 h5 40.Qd1 Nf6 41.a3 bxa3 42.Bxa3 Ng4 43.Qe1 Rxc2 44.Qxa5 Bf6
45.Qb4 Rf2  0-1

[Event "Corus B"]
[Site "Wijk aan Zee NED"]
[Date "2001.01.27"]
[Round "10"]
[White "Bosboom,M"]
[Black "Gurevich,M"]
[Result "0-1"]
[WhiteElo "2439"]
[BlackElo "2694"]

1.d4 d5 2.c4 c6 3.Nc3 Nf6 4.Nf3 e6 5.Bg5 Nbd7 6.e3 Qa5 7.cxd5 Nxd5 8.Qd2 Bb4
9.Rc1 h6 10.Bh4 c5 11.e4 N5f6 12.Bd3 g5 13.a3 Bxc3 14.Rxc3 gxh4 15.dxc5 h3
16.O-O Qc7 17.Rfc1 Ne5 18.Qf4 Nxf3+ 19.Qxf3 Qe5 20.c6 Rg8 21.Qxh3 bxc6 22.b4 Bd7
23.Rc5 Qf4 24.g3 h5 25.Qg2 Qd2 26.Qf3 h4 27.Ba6 Qh6 28.Bb7 Rd8 29.Rd1 hxg3
30.hxg3 Rh8 31.Qg2 Nxe4 32.Qxe4 Qh2+ 33.Kf1 Qh1+  0-1

[Event "Corus B"]
[Site "Wijk aan Zee NED"]
[Date "2001.01.28"]
[Round "11"]
[White "Gurevich,M"]
[Black "Van der Weide,K"]
[Result "1/2-1/2"]
[WhiteElo "2694"]
[BlackElo "2463"]

1.Nf3 Nf6 2.g3 g6 3.Bg2 Bg7 4.O-O c5 5.c3 d5 6.d4 Na6 7.Ne5 O-O 8.Be3 cxd4
9.cxd4 Qb6 10.Nc3 Be6 11.Qd2 Rfd8  1/2-1/2

[Event "Open"]
[Site "Cappelle la Grande FRA"]
[Date "2001.02.28"]
[Round "6"]
[White "Gurevich,M"]
[Black "Galdunts,S"]
[Result "1/2-1/2"]
[WhiteElo "2694"]
[BlackElo "2510"]

1.d4 d5 2.c4 e6 3.Nf3 c5 4.cxd5 exd5 5.Nc3 Nc6 6.g3 Nf6 7.Bg2 Be7 8.O-O O-O
9.Bg5 cxd4 10.Nxd4 h6 11.Be3 Bg4 12.h3 Be6 13.Qa4 Qd7 14.Kh2 Rfd8 15.Rad1 a6
16.Nxe6 Qxe6 17.Bb6 Rd6 18.e3 Bd8 19.Bc5 Rd7 20.Ne2 Bc7 21.Nd4 Nxd4 22.Bxd4 Rad8
23.Rd3 Ne4 24.Qd1 f5 25.Kg1 Qg6 26.Qf3 Ng5 27.Qe2 Re8 28.Rfd1 Ne4 29.Bc3 Qe6
30.Qh5 g6 31.Qe2 h5 32.b4 Kh7 33.Ba1 Qf7 34.Qc2 Bb8 35.Qb3 Red8 36.Qb2 Rg8
37.b5 axb5 38.Qxb5 Rgd8 39.Qb2 Rg8 40.Rb3 Re8 41.Rb5 Be5 42.Qb3 Bxa1 43.Rxa1 Rc8
44.Rb4 Rc3 45.Qb2 Rd3 46.Bxe4 dxe4 47.Rb1 Rd2 48.Qc3 Rxa2 49.Qc8 Rc7 50.Qb8 Rd2
51.Rxb7 Rxb7 52.Rxb7 Rd7 53.Rb1 Qg8 54.Qf4 Qa2 55.Qb8 Qe2 56.Qb3 Kh6 57.Qa4 Rd2
58.Rf1 Qd3 59.Qa1 Qd8 60.Kg2 h4 61.g4 fxg4 62.Qe5 g3 63.Qxe4 Qf6 64.Qf3 Qg5
65.Qf8+ Kh7 66.Qf7+ Kh6 67.Qf8+ Kh7 68.Qf7+ Kh6  1/2-1/2

[Event "Open"]
[Site "Cappelle la Grande FRA"]
[Date "2001.03.01"]
[Round "7"]
[White "Saltaev,M"]
[Black "Gurevich,M"]
[Result "0-1"]
[WhiteElo "2526"]
[BlackElo "2694"]

1.e4 e6 2.d4 d5 3.Nd2 Nf6 4.e5 Nfd7 5.c3 c5 6.f4 Nc6 7.Ndf3 Qb6 8.h4 cxd4
9.cxd4 Bb4+ 10.Kf2 f6 11.Be3 fxe5 12.fxe5 O-O 13.Bd3 Nxd4 14.Ne2 Nxe5 15.Bxd4 Ng4+
16.Kg3 Qd6+ 17.Kxg4 e5+ 18.Kg3 exd4+ 19.Kf2 Bg4 20.Rc1 Rae8 21.Nxd4 Ba5 22.b4 Qxb4
23.Kg3 h5 24.Rb1 Bc7+  0-1